000
00451nam a2200181Ia 4500
008
100917s9999 xx 000 0 und d
082
_b
16802
100
_a
मित्र का. र.
245
_a
वंगजागृति
260
_b
---
_c
1906
300
_a
72
365
_b
0
520
_a
नाटक
630
_a
वंगजागृति
650
_a
नाटक
730
_a
वंगजागृति
942
_c
BOOK
999
_c
622196
_d
622193